FNC Wake 2020 Teams Quiz Stats

 Plays Quiz not verified by Sporcle

Support Sporcle.
Go Orange.
Score 0/29 Timer 10:00
0 Plays Today
Hint Team Name % Correct
435Robodogs
100%
5160Chargers
87.5%
5190Green Hope Falcons
87.5%
5511Cortech Robotics
87.5%
2059The Hitchhikers
75%
2642Pitt Pirates
75%
3229Hawktimus Prime
75%
3459Team PyroTech
75%
4291AstroBots
75%
5518Techno Wolves
75%
5919JoCo RoBos
75%
6240Eagles of the Knight
75%
6500GearCats
75%
6502Darc Side
75%
6565Team Bobcat
75%
Hint Team Name % Correct
6908Infuzed
75%
7265Skeleton Crew
75%
7463Incandescent Mice
75%
7671Fire Hazard
75%
7890Sequence
75%
8090Mavnesium
75%
4828RoboEagles
62.5%
5607Team Firewall
62.5%
5762FranklinBots Team Hydra
62.5%
6004F(x) Robotics
62.5%
7763Carrborobotics
62.5%
4561TerrorBytes
50%
4816Holographic
50%
6496Area 27
25%

You're not logged in!

Compare scores with friends on all Sporcle quizzes.
OR
Log In

From the Vault

Hogwarts Defense Against the Dark Arts Exam

by bhenderson79

With the teacher turnover in this class, it's a wonder if you'll remember anything.
Remove Ads.
Support Sporcle.
Get the best of Sporcle when you Go Orange. This ad-free experience offers more features, more stats, and more fun while also helping to support Sporcle. Thank you for becoming a member.

Show Comments

Extras

Created Feb 19, 2020ReportNominate
Tags:2020, team, Wake

Top Quizzes Today


Score Distribution

Your Account Isn't Verified!

In order to create a playlist on Sporcle, you need to verify the email address you used during registration. Go to your Sporcle Settings to finish the process.

Report this User

Report this user for behavior that violates our Community Guidelines.

Details: